LEADER 01092cam0 2200301 450 001 000007588 005 20070220154844.0 010 $a88-464-8044-9 100 $a20070220d2006----km-y1itac50------ba 101 0 $aita 102 $aIT 105 $ay-------001yy 200 1 $aIstituzioni europee e U.E.F.A$eanalisi del rapporto tra Consiglio d'Europa, Unione europea e Union of european football associations$fGraziano D'Intino, Giovanni Petrillo, Stefano Oronzo$gprefazione di Gaetano Bonetta 210 $aMilano$cFranco Angeli$d[2006] 215 $aVI, 153, LXV p.$d23 cm. 225 2 $aEconomia. Sez. 5$v480 410 0$12001$aEconomia. Sez. 5$v480 610 1 $aCalcio - Organizzazione 610 1 $aCalcio - Gestione 676 $a344.099$v20 700 1$aD'Intino,$bGraziano$0430574 701 1$aPetrillo,$bGiovanni$0310142 701 1$aOronzo,$bStefano$0310141 801 0$aIT$bUNIPARTHENOPE$c20070220$gRICA$2UNIMARC 912 $a000007588 951 $a344-I/4$b39122$cNAVA1$d2007 996 $aIstituzioni europee e U.E.F.A$91205614 997 $aUNIPARTHENOPE LEADER 01884nam0 22004333i 450 001 PAV0062199 005 20251003044309.0 020 $aIT$b66-12421 100 $a20121114d1966 ||||0itac50 ba 101 | $aita$ceng 102 $ait 181 1$6z01$ai $bxxxe 182 1$6z01$an 183 1$6z01$anc$2RDAcarrier 200 1 $aˆIl ‰progresso economico in prospettiva$fJohn Kenneth Galbraith 205 $a2. ed 210 $aMilano$cEtas Kompass$d1966 215 $a79 p.$d22 cm 225 | $aBiblioteca di economia, sociologia e organizzazione$v38 300 $aTraduzione di Amerigo Guadagnin. 410 0$1001LO10087553$12001 $aBiblioteca di economia, sociologia e organizzazione$v38 500 10$aEconomic development in perspective$3VIA0034287$9CFIV028754$932332 606 $aSviluppo economico$2FIR$3CFIC013228$9E 676 $a338.9$9SVILUPPO ECONOMICO$v20 676 $a338.9$9SVILUPPO ECONOMICO$v23 686 $aX31.0$cSVILUPPO ECONOMICO$2R 696 $aCrescita economica 699 $aSviluppo economico$yCrescita economica 700 1$aGalbraith$b, John Kenneth$3CFIV028754$4070$033228 702 1$aGuadagnin$b, Amerigo$3CFIV038931$4730 790 1$aGalbraith$b, J. K.$3UTOV566536$zGalbraith, John Kenneth 801 3$aIT$bIT-000000$c20121114 850 $aIT-BN0095 901 $bNAP 01$cPOZZO LIB.$nVi sono collocati fondi di economia, periodici di ingegneria e scienze, periodici di economia e statistica e altri fondi comprendenti documenti di economia pervenuti in dono. 912 $aPAV0062199 950 0$aBiblioteca Centralizzata di Ateneo$c1 v.$d 01POZZO LIB.F. PARRAVICINI 95$e 0101 0600159165E VMA 1 v. (Precedente collocazione P 61)$fB $h20220722$i20220722 977 $a 01 996 $aEconomic development in perspective$932332 997 $aUNISANNIO